Jeux Vidéos de la Séries GTA - Statistiques

Statistiques générales
  • Ce quiz a été pris 604 fois
  • Le résultat moyen est 7 sur 7
Statistiques - réponses
Date de Sortie Réponse % Correct
1997 Grand Theft Auto
100%
2008 Grand Theft Auto 4
94%
2013 Grand Theft Auto 5
94%
1999 Grand Theft Auto 2
92%
2001 Grand Theft Auto 3
92%
2004 Grand Theft Auto: San Andreas
90%
2002 Grand Theft Auto: Vice City
89%
Aucun quiz correspondant
Distribution des résultats
% des personnes avec chaque résultat
Percentile par nombre de réponses
Votre historique - résultats
Vous n’avez pas pris ce quiz